| 000 | 01197naa a2200301 c 4500 | ||
|---|---|---|---|
| 001 | 49927 | ||
| 999 |
_c49927 _d49927 |
||
| 003 | ES-MaCES | ||
| 005 | 20170921143612.0 | ||
| 008 | 170921s2017 sp ||||| t||||||| ||spa d | ||
| 040 |
_aES-MaCES _bspa _cES-MaCES _dES-MaCES |
||
| 100 | 1 |
_937208 _aBeltrán de Heredia Ruiz, Ignasi |
|
| 245 | 1 | 0 |
_aPliego de condiciones y subrogación de plantilla _b: problemas actuales _cIgnasi Beltrán de Heredia Ruiz |
| 500 | _aResumen | ||
| 504 | _aBibliografía: p. 125 | ||
| 650 | 4 |
_927214 _aadministración pública |
|
| 650 | 4 |
_927230 _aservicios públicos |
|
| 650 | 4 |
_928256 _asubcontratación |
|
| 650 | 4 |
_929009 _acontrata |
|
| 650 | 4 |
_929924 _aderechos de los trabajadores |
|
| 650 | 4 |
_928327 _acondiciones de trabajo |
|
| 650 | 4 |
_927155 _aderecho administrativo |
|
| 650 | 4 |
_927165 _aderecho del trabajo |
|
| 650 | 4 |
_930888 _adoctrina jurídica |
|
| 653 | 1 | 0 | _aDerecho del trabajo y Seguridad Social |
| 773 | 0 |
_986335 _dMadrid (Ignacio Ellacuría, 3, 28017) Civitas _o089232 _tNueva revista española de Derecho del trabajo _w(ES-MaCES)25060 _gn. 198 (mayo 2017) {10040 R. 089232} ;p. 107-125 |
|
| 902 | _aART Artículo de revista | ||
| 942 |
_2CES _cAR _h6.0.1. |
||